zpět

Detail výsledku týmu

Přátelé / Ostrava, Ostrava

Datum a čas kvízu

28.5 Celkem bodů Celkový počet nahraných bodů na tomto kvízu bez doplňovacích otázek.
1. Pořadí na kvízu Konečné umístění týmu na tomto kvízu.

Zaznamenané odpovědi

# Otázka Odpověď Body Výsledky
1. Motorkáři z Ruska dorazili v p... 1
2. Parlament jedné země v úterý z... 1
3. Ještě nikdy ve své historii ne... 1
4. Obchodní řetězec Penny začal p... 1
5. Fotbalisté jistého klubu vytvo... 0
6. Také se Vám někdy stane, že v... 1
7. Napište slovo s českým slovním... 1
8. V zimě často slyšíme, že silni... 1
9. Ve filmu Tajemství hradu v Kar... 1
10. Jaký je význam slova frigidní,... 1